Entry Personal Name
Number of records used in: 1
001 - CONTROL NUMBER
003 - CONTROL NUMBER IDENTIFIER
005 - DATE AND TIME OF LATEST TRANSACTION
- control field:
20200129104203.0
008 - FIXED-LENGTH DATA ELEMENTS
- fixed length control field:
950907n| acannaab| |a aaa |||
010 ## - LIBRARY OF CONGRESS CONTROL NUMBER
- LC control number:
n 95088444
040 ## - CATALOGING SOURCE
- Original cataloging agency:
DLC
- Transcribing agency:
DLC
- Modifying agency:
DLC
100 10 - HEADING--PERSONAL NAME
- Personal name:
Whalen, D. Joel
400 10 - SEE FROM TRACING--PERSONAL NAME
- Personal name:
Whalen, Joel
670 ## - SOURCE DATA FOUND
- Source citation:
I see what you mean, c1995:
- Information found:
CIP t.p. (Joel Whalen) data sheet (D. Joel Whalen)
670 ## - SOURCE DATA FOUND
- Source citation:
I see what you mean, c1996:
- Information found:
t.p. (D. Joel Whalen) p. xvii and passim (Joel Whalen)